[Event "Mittelfrank Regionalliga Nord-Ost 2223"]
[Site "Mittelfranken"]
[Date "2023.02.05"]
[Round "6.3"]
[White "Riexinger, Martin"]
[Black "Dechant, Georg"]
[Result "0-1"]
[WhiteElo "1912"]
[BlackElo "2058"]
[PlyCount "78"]
[EventDate "2022.10.09"]
[EventType "team-tourn"]
[EventRounds "9"]
[EventCountry "GER"]
[SourceTitle "EXT 2024"]
[Source "ChessBase"]
[SourceDate "2023.10.10"]
[SourceVersion "1"]
[SourceVersionDate "2023.10.10"]
[SourceQuality "1"]
[WhiteTeam "Nuernberg Sued SW"]
[BlackTeam "Regensburg Bavaria II"]
[WhiteTeamCountry "GER"]
[BlackTeamCountry "GER"]

1. e4 c5 2. Nc3 Nc6 3. g3 g6 4. Bg2 Bg7 5. f4 e6 6. Nf3 Nge7 7. 0-0 0-0 8. d3 d6 9. Qe1 b6 10. a3 Ba6 11. Be3 d5 12. Bf2 Rc8 13. e5 Qd7 14. Bh3 Nf5 15. g4 Nfd4 16. Nxd4 Nxd4 17. Qd1 f6 18. Bxd4 cxd4 19. exf6 Bxf6 20. Na2 e5 21. fxe5 Bxe5 22. Qe2 Bf4 23. Rae1 Rce8 24. Qg2 Re3 25. Rxe3 dxe3 26. g5 Qd6 27. Nb4 Bb7 28. d4 Re8 29. Bg4 Bxg5 30. Bf3 Bf6 31. c3 Kh8 32. Be2 a5 33. Nc2 Bh4 34. Rf7 Bf2+ 35. Kf1 Bc8 36. Qf3 Bf5 37. Bb5 Bxc2 38. Bxe8 Bd3+ 39. Kg2 Be4 0-1

[Event "Mittelfrank Regionalliga Nord-Ost 2223"]
[Site "Mittelfranken"]
[Date "2022.10.09"]
[Round "1.4"]
[White "Wenke, Oldrich"]
[Black "Riexinger, Martin"]
[Result "1/2-1/2"]
[WhiteElo "1986"]
[BlackElo "1912"]
[PlyCount "83"]
[EventDate "2022.10.09"]
[EventType "team-tourn"]
[EventRounds "9"]
[EventCountry "GER"]
[SourceTitle "EXT 2024"]
[Source "ChessBase"]
[SourceDate "2023.10.10"]
[SourceVersion "1"]
[SourceVersionDate "2023.10.10"]
[SourceQuality "1"]
[WhiteTeam "Buechenbach/Roth"]
[BlackTeam "Nuernberg Sued SW II"]
[WhiteTeamCountry "GER"]
[BlackTeamCountry "GER"]

1. e4 g6 2. d4 Bg7 3. Nc3 d6 4. Nf3 a6 5. Be3 Nf6 6. h3 0-0 7. Qd2 Nbd7 8. 0-0-0 b5 9. e5 Ne8 10. e6 fxe6 11. Ng5 Nb6 12. h4 Nf6 13. h5 gxh5 14. Qd3 Qe8 15. Be2 Qg6 16. Nce4 Nc4 17. Bf3 Nxe3 18. fxe3 d5 19. Nxf6+ exf6 20. Nh3 Qxd3 21. Rxd3 c6 22. Nf4 Ra7 23. Nxh5 e5 24. Rc3 e4 25. Be2 Bd7 26. Rf1 a5 27. Rc5 f5 28. Kd2 Rf7 29. b3 Bf8 30. Nf4 Bxc5 31. dxc5 Rg7 32. Kc3 a4 33. b4 Ra8 34. Kd4 Kf8 35. Rh1 Ke7 36. Rh6 Rag8 37. Bf1 Be8 38. Re6+ Kd7 39. Rd6+ Kc7 40. Ne6+ Kb7 41. Nxg7 Rxg7 42. Ke5 1/2-1/2

[Event "Mittelfrank Regionalliga Nord-Ost 2122"]
[Site "Mittelfranken"]
[Date "2022.04.03"]
[Round "7.5"]
[White "Riexinger, Martin"]
[Black "Bock, Helmar"]
[Result "1/2-1/2"]
[WhiteElo "1925"]
[BlackElo "2011"]
[PlyCount "93"]
[EventDate "2021.10.24"]
[EventType "team-tourn"]
[EventRounds "9"]
[EventCountry "GER"]
[SourceTitle "EXT 2024"]
[Source "ChessBase"]
[SourceDate "2023.10.10"]
[SourceVersion "1"]
[SourceVersionDate "2023.10.10"]
[SourceQuality "1"]
[WhiteTeam "Nuernberg Sued SW II"]
[BlackTeam "Herzogenaurach II"]
[WhiteTeamCountry "GER"]
[BlackTeamCountry "GER"]

1. f4 d5 2. Nf3 g6 3. d3 Bg7 4. g3 Nf6 5. Bg2 c6 6. c3 0-0 7. Qc2 Nbd7 8. 0-0 Qb6+ 9. Kh1 Ng4 10. e4 dxe4 11. dxe4 e5 12. h3 Ne3 13. Bxe3 Qxe3 14. Re1 Qc5 15. f5 Re8 16. Nbd2 a5 17. Rad1 Nf8 18. g4 Bf6 19. Nb3 Qb6 20. Rd2 Bd8 21. Red1 Bc7 22. Nc1 Qe3 23. Re2 Qb6 24. Qd2 Kg7 25. Qe1 f6 26. Red2 g5 27. Ne2 c5 28. Ng3 Bd7 29. Rxd7+ Nxd7 30. Rxd7+ Kh8 31. Qe2 Qc6 32. Rd2 b5 33. Nf1 c4 34. Ne3 Rec8 35. Nd5 Bd8 36. Qd1 Rab8 37. a3 h6 38. Nh2 Rb7 39. Nf1 Rd7 40. Bf3 Qc5 41. Qe2 Rc6 42. Qe3 Qf8 43. Qf2 Kg7 44. Nfe3 Rcd6 45. Rd1 Rc6 46. Kg2 Qc5 47. Qe2 1/2-1/2

[Event "Mittelfranken-chTB2a 1920"]
[Site "Mittelfranken"]
[Date "2020.02.02"]
[Round "5.6"]
[White "Riexinger, Martin"]
[Black "Koschka, Robert"]
[Result "1/2-1/2"]
[WhiteElo "1882"]
[BlackElo "1885"]
[PlyCount "77"]
[EventDate "2019.10.13"]
[EventType "team-tourn"]
[EventRounds "9"]
[EventCountry "GER"]
[SourceTitle "EXT 2023"]
[Source "ChessBase"]
[SourceDate "2022.10.05"]
[SourceVersion "1"]
[SourceVersionDate "2022.10.05"]
[SourceQuality "1"]
[WhiteTeam "Nuernberg Sued SW IV"]
[BlackTeam "Fuerth SF"]
[WhiteTeamCountry "GER"]
[BlackTeamCountry "GER"]

1. f4 e5 2. fxe5 d6 3. exd6 Bxd6 4. Nf3 g5 5. g3 g4 6. Nh4 Nc6 7. Bg2 Be7 8. Bxc6+ bxc6 9. Ng2 h5 10. d3 h4 11. Bf4 hxg3 12. Bxg3 Bd6 13. Nf4 Qf6 14. Qc1 Ne7 15. Nc3 Qh6 16. e4 Ng6 17. Nfe2 Bxg3+ 18. Nxg3 Qh3 19. Kf2 Ne5 20. Qf4 f6 21. Nce2 c5 22. Qe3 c4 23. d4 Nf3 24. Ng1 Nxg1 25. Raxg1 Qh4 26. Qf4 Rh7 27. Ke2 Qh6 28. Rf1 Qxf4 29. Rxf4 Rb8 30. b3 cxb3 31. axb3 Rb6 32. Nf5 Bxf5 33. Rxf5 Rh3 34. e5 fxe5 35. Rxe5+ Kd7 36. Re3 Re6 37. Rxe6 Kxe6 38. Rg1 Rxh2+ 39. Kd3 1/2-1/2

[Event "Mittelfranken-chTB2a 1920"]
[Site "Mittelfranken"]
[Date "2019.12.01"]
[Round "3.6"]
[White "Haschemi, Said Habieb"]
[Black "Riexinger, Martin"]
[Result "0-1"]
[WhiteElo "1752"]
[BlackElo "1882"]
[PlyCount "62"]
[EventDate "2019.10.13"]
[EventType "team-tourn"]
[EventRounds "9"]
[EventCountry "GER"]
[SourceTitle "EXT 2023"]
[Source "ChessBase"]
[SourceDate "2022.10.05"]
[SourceVersion "1"]
[SourceVersionDate "2022.10.05"]
[SourceQuality "1"]
[WhiteTeam "Fuerth SG II"]
[BlackTeam "Nuernberg Sued SW IV"]
[WhiteTeamCountry "GER"]
[BlackTeamCountry "GER"]

1. e4 d6 2. d4 Nf6 3. Nc3 g6 4. Be3 Bg7 5. Qd2 0-0 6. 0-0-0 Ng4 7. Bf4 e5 8. dxe5 Nxe5 9. Be2 Be6 10. Bh6 f5 11. Nf3 Bxh6 12. Qxh6 Ng4 13. Qd2 Nxf2 14. exf5 Nxd1 15. fxe6 Nxc3 16. Qxc3 Qe7 17. Bc4 Nc6 18. h4 Rf6 19. h5 Raf8 20. hxg6 Rxg6 21. Bd3 Rg7 22. Rh6 Rxf3 23. Bxh7+ Rxh7 24. Rg6+ Rg7 25. Rxg7+ Qxg7 26. Qxf3 Qh6+ 27. Kd1 Qxe6 28. Qh5 Ne5 29. Qg5+ Kf7 30. Qh5+ Qg6 31. Qh3 Qg4+ 0-1

[Event "Mittelfranken-ch QT"]
[Site "Nuremberg"]
[Date "2019.04.20"]
[Round "7.6"]
[White "Riexinger, Martin"]
[Black "Weissmann, Peter"]
[Result "1-0"]
[WhiteElo "1800"]
[BlackElo "1756"]
[PlyCount "53"]
[EventDate "2019.04.17"]
[EventType "swiss"]
[EventRounds "7"]
[EventCountry "GER"]
[SourceTitle "EXT 2022"]
[Source "ChessBase"]
[SourceDate "2021.10.06"]
[SourceVersion "1"]
[SourceVersionDate "2021.10.06"]
[SourceQuality "1"]

1. d4 Nf6 2. c4 e6 3. Nf3 b6 4. g3 Bb7 5. Bg2 Bb4+ 6. Bd2 Bxd2+ 7. Qxd2 c5 8. dxc5 Ne4 9. Qc2 Nxc5 10. b4 Qf6 11. 0-0 Be4 12. Qc3 Nca6 13. Qxf6 gxf6 14. Nc3 Bb7 15. a3 Nc7 16. Rac1 Nba6 17. Nb5 Ke7 18. Rfd1 Rad8 19. Nxa7 d5 20. Nd4 Ra8 21. Nab5 Rhc8 22. cxd5 Nxd5 23. e4 Ndc7 24. Nd6 Rcb8 25. Nxb7 Rxb7 26. Nc6+ Kf8 27. Rd7 1-0

[Event "Mittelfranken-chTB2b 1011"]
[Site "Germany"]
[Date "2011.01.23"]
[Round "5.2"]
[White "Classen, Anton"]
[Black "Riexinger, Martin"]
[Result "1/2-1/2"]
[WhiteElo "1824"]
[BlackElo "1842"]
[PlyCount "29"]
[EventDate "2010.09.26"]
[EventType "team-tourn"]
[EventRounds "9"]
[EventCountry "GER"]
[SourceTitle "EXT 2012"]
[Source "ChessBase"]
[SourceDate "2011.11.24"]
[SourceVersion "1"]
[SourceVersionDate "2011.11.24"]
[SourceQuality "1"]
[WhiteTeam "Buechenbach/Roth II"]
[BlackTeam "Postbauer Heng II"]
[WhiteTeamCountry "GER"]
[BlackTeamCountry "GER"]

1. e4 e5 2. Nf3 Nc6 3. Bc4 d6 4. d3 Be7 5. h3 Be6 6. Bb3 h6 7. Nc3 Qd7 8. d4 exd4 9. Nxd4 Nxd4 10. Qxd4 Bf6 11. Qd3 Ne7 12. Nd5 Nxd5 13. Bxd5 Bxd5 14. Qxd5 0-0 15. 0-0 1/2-1/2

[Event "Mittelfranken-chTB2b 0910"]
[Site "Mittelfranken"]
[Date "2010.03.14"]
[Round "8.2"]
[White "Krauss, Hermann"]
[Black "Riexinger, Martin"]
[Result "1-0"]
[WhiteElo "1975"]
[BlackElo "1810"]
[PlyCount "61"]
[EventDate "2009.10.11"]
[EventType "team-tourn"]
[EventRounds "9"]
[EventCountry "GER"]
[SourceTitle "EXT 2011"]
[Source "ChessBase"]
[SourceDate "2010.11.26"]
[SourceVersion "1"]
[SourceVersionDate "2010.11.26"]
[SourceQuality "1"]
[WhiteTeam "Nuernberg NT IV"]
[BlackTeam "Postbauer Heng II"]
[WhiteTeamCountry "GER"]
[BlackTeamCountry "GER"]

1. b3 d5 2. Bb2 c5 3. e3 Nc6 4. Bb5 Bf5 5. f4 Nf6 6. Nf3 Nd7 7. 0-0 Qb6 8. Bxc6 bxc6 9. Nh4 e6 10. g4 Be4 11. d3 Qd8 12. Qe1 Bg6 13. e4 dxe4 14. dxe4 Bxe4 15. Qxe4 Qxh4 16. Qxc6 Qxg4+ 17. Kh1 Rd8 18. Nc3 Qf5 19. Nb5 f6 20. Rad1 Ke7 21. Nd6 Qxc2 22. Nb7 Nb8 23. Qc7+ Rd7 24. Rxd7+ Nxd7 25. Qd8+ Kf7 26. Qxd7+ Be7 27. Nd6+ Kg6 28. Rg1+ Kh6 29. Qxe7 Qe2 30. Qxg7+ Kh5 31. Rg5+ 1-0

[Event "Mittelfranken-chTB2b 0910"]
[Site "Mittelfranken"]
[Date "2009.12.06"]
[Round "4.3"]
[White "Riexinger, Martin"]
[Black "Muenster, Manfred"]
[Result "0-1"]
[WhiteElo "1810"]
[BlackElo "1946"]
[PlyCount "84"]
[EventDate "2009.10.11"]
[EventType "team-tourn"]
[EventRounds "9"]
[EventCountry "GER"]
[SourceTitle "EXT 2011"]
[Source "ChessBase"]
[SourceDate "2010.11.26"]
[SourceVersion "1"]
[SourceVersionDate "2010.11.26"]
[SourceQuality "1"]
[WhiteTeam "Postbauer Heng II"]
[BlackTeam "Heilsbronn"]
[WhiteTeamCountry "GER"]
[BlackTeamCountry "GER"]

1. d4 g6 2. c4 Bg7 3. Nc3 d6 4. Nf3 Nc6 5. Bg5 h6 6. Bc1 Bg4 7. e3 e5 8. d5 Nce7 9. e4 Bd7 10. b4 f5 11. Bd3 Nf6 12. Qc2 0-0 13. h3 f4 14. Nh2 g5 15. f3 Nh5 16. 0-0 Ng3 17. Re1 Ng6 18. c5 Nh4 19. a4 h5 20. Bb5 Bc8 21. Be2 Qd7 22. a5 a6 23. Na4 Rf6 24. Ba3 Rg6 25. cxd6 Qxd6 26. Bc4 Kh7 27. b5 Qf6 28. bxa6 bxa6 29. Nc5 g4 30. Ne6 gxh3 31. Qa4 Nxg2 32. Qc6 Bxe6 33. Qxe6 Qg5 34. Qxh3 Nxe1 35. Rxe1 Nxe4+ 36. Ng4 Nd2 37. Bd3 e4 38. Bxe4 Nxe4 39. Rxe4 Qh6 40. Qg2 hxg4 41. fxg4 Rb8 42. Re6 Bd4+ 0-1

[Event "GER-chT U16"]
[Site "Bingen"]
[Date "2008.12.29"]
[Round "6.3"]
[White "Riexinger, Martin"]
[Black "Streich, Justus"]
[Result "1/2-1/2"]
[WhiteElo "1792"]
[BlackElo "1725"]
[PlyCount "42"]
[EventDate "2008.12.27"]
[EventType "team-swiss"]
[EventRounds "7"]
[EventCountry "GER"]
[SourceTitle "EXT 2010"]
[Source "ChessBase"]
[SourceDate "2010.11.25"]
[SourceVersion "1"]
[SourceVersionDate "2010.11.25"]
[SourceQuality "1"]
[WhiteTeam "Postbauer Heng U16"]
[BlackTeam "Hamburg Koenigsspringer U16"]
[WhiteTeamCountry "GER"]
[BlackTeamCountry "GER"]

1. d4 d5 2. c4 e6 3. Nc3 Be7 4. Nf3 Nf6 5. Bg5 h6 6. Bh4 Ne4 7. Bxe7 Qxe7 8. Qb3 Nxc3 9. Qxc3 0-0 10. e3 c6 11. a3 Nd7 12. Rc1 Re8 13. Be2 dxc4 14. Bxc4 e5 15. dxe5 Nxe5 16. Nxe5 Qxe5 17. Qxe5 Rxe5 18. 0-0 Bg4 19. h3 Bh5 20. Rc3 Kf8 21. Rfc1 Rd8 1/2-1/2

[Event "Nuremberg LGA Cup 5th"]
[Site "Nuremberg"]
[Date "2008.09.07"]
[Round "6.63"]
[White "Riexinger, Martin"]
[Black "Luther, Helmut"]
[Result "0-1"]
[WhiteElo "1789"]
[BlackElo "2009"]
[PlyCount "92"]
[EventDate "2008.09.04"]
[EventType "swiss"]
[EventRounds "7"]
[EventCountry "GER"]
[SourceTitle "EXT 2022"]
[Source "ChessBase"]
[SourceDate "2021.10.06"]
[SourceVersion "1"]
[SourceVersionDate "2021.10.06"]
[SourceQuality "1"]

1. d4 d5 2. c4 e6 3. Nc3 Nf6 4. Nf3 Nbd7 5. Bg5 c6 6. e3 Qa5 7. a3 Ne4 8. c5 Nxg5 9. Nxg5 h6 10. Nf3 Qc7 11. Qc2 e5 12. b4 g6 13. Be2 Bg7 14. Rd1 0-0 15. 0-0 exd4 16. Nxd4 Nf6 17. h3 Bd7 18. Bf3 Rfe8 19. Rfe1 Nh7 20. Nce2 Ng5 21. Ng3 Be5 22. Nge2 Nxf3+ 23. Nxf3 Bg7 24. Ng3 a5 25. e4 axb4 26. axb4 Qf4 27. Qb3 Be6 28. Nd4 Bxd4 29. Rxd4 dxe4 30. Qe3 Qxe3 31. Rxe3 f5 32. Ne2 Kf7 33. Nf4 Rad8 34. Rxd8 Rxd8 35. f3 Rd4 36. fxe4 fxe4 37. Nxe6 Kxe6 38. Rb3 Kd5 39. Kf2 Kc4 40. Rg3 g5 41. h4 Rd2+ 42. Ke1 Rd5 43. Re3 Re5 44. Re2 Kxb4 45. Rb2+ Kxc5 46. Rxb7 gxh4 0-1

[Event "Mittelfrankenliga-B2b 0708"]
[Site "Mittelfranken"]
[Date "2008.04.27"]
[Round "9.3"]
[White "Wegmann, Wolfgang"]
[Black "Riexinger, Martin"]
[Result "1/2-1/2"]
[WhiteElo "1798"]
[BlackElo "1734"]
[PlyCount "22"]
[EventDate "2007.10.14"]
[EventType "team-tourn"]
[EventRounds "9"]
[EventCountry "GER"]
[SourceTitle "EXT 2011"]
[Source "ChessBase"]
[SourceDate "2010.11.26"]
[SourceVersion "1"]
[SourceVersionDate "2010.11.26"]
[SourceQuality "1"]
[WhiteTeam "Heideck/Hilpoltstein"]
[BlackTeam "Postbauer II"]
[WhiteTeamCountry "GER"]
[BlackTeamCountry "GER"]

1. e4 d6 2. Bc4 Nf6 3. Qe2 Nbd7 4. f4 g6 5. e5 d5 6. exf6 dxc4 7. fxe7 Qxe7 8. Nc3 Qxe2+ 9. Ngxe2 c6 10. 0-0 Nf6 11. Rd1 Bf5 1/2-1/2